LEADER 01238nam a2200289 i 4500 001 000000257561 003 CaOOAMICUS 005 20240613104402.0 008 180306s2013 it u000 u ita u 020 $a978-88-343-2470-7 040 $aSeMil$bita 245 10$a5: I patrimoni dell'Università cattolica /$ca cura di Maria Bocci e Lorenzo Ornaghi. 264 1$aMilano :$bV&P,$c2013. 300 $aXVIII, 640 p. :$bill. ;$c25 cm 500 $aSul frontespizio: Le istituzioni 541 0 $aOmaggio card. Dionigi Tettamanzi (3M V 256) 700 1 $aOrnaghi, Lorenzo.$0(OLS)http://semarc/name/20896 700 1 $aBocci, Maria <1964- >.$0(OLS)http://semarc/name/17791 773 0 $tStoria dell'Università Cattolica del Sacro Cuore.$dMilano : Vita e Pensiero, 2007-2021.$g5$w()20339 850 $aSeMil 852 $aSeMil$W1$xVenegono$y1$m3M V 256$j248973$B207907$CSeMilBibl$Z2$F221589 $81 941 1 $a5 961 $aLascito: Tettamanzi Card. Dionigi 996 $6020$a978-88-343-2470-7$9(OLS)http://semarc/number/287361 996 $6245$a5: I patrimoni dell'Università cattolica$9(OLS)http://semarc/title/412916 996 $6264$aMilano :$bV&P$9(OLS)http://semarc/publisher/32040 LEADER 01226nas a2200205 i 4500 001 000000125395 003 CaOOAMICUS 005 20170216000000.0 008 170216b1855 it uu u0 0ita r 013 $a98096 040 $aSeMil$bita 100 1 $aTaverna, Paolo.$0(OLS)http://semarc/name/93211 245 10$aCenni sui sordo-muti nelle provincie di Milano e finitime e rendiconto a tutto l'anno 1854 della Commissione promovitrice la loro educazione /$c[Paolo Taverna]. 260 $aMilano :$bDitta Boniardi-Pogliani di Ermenegildo Besozzi,$c1855. 300 $a116 p., [2] c. di tav. ripieg. :$bill. ;$c25 cm. 773 0 $tRendiconto per l'anno ... della Commissione promovitrice la educazione dei sordo-muti nella provincia di Milano.$dMilano : Ditta Boniardi-Pogliani di Ermenegildo Besozzi, 1854-1865.$w()2729 850 $aSeMil 852 $aSeMil$W1$xVenegono$y1$m3R III 1 FA$j79851$B79851$CSeMilBibl$Z2$F81972 $8I 996 $6245$aCenni sui sordo-muti nelle provincie di Milano e finitime e rendiconto a tutto l'anno 1854 della Commissione promovitrice la loro educazione$9(OLS)http://semarc/title/407968 996 $6260$aMilano :$bDitta Boniardi-Pogliani di Ermenegildo Besozzi$9(OLS)http://semarc/publisher/33999